|
|
|
|
| LEADER |
01691nam a2200397 i 4500 |
| 001 |
EBC4983683 |
| 003 |
MiAaPQ |
| 005 |
20200520144314.0 |
| 006 |
m o d | |
| 007 |
cr cnu|||||||| |
| 008 |
170918t20172008enk o 000 0 eng d |
| 020 |
|
|
|z 9780730345374
|
| 020 |
|
|
|a 9780730345473
|q (electronic bk.)
|
| 035 |
|
|
|a (MiAaPQ)EBC4983683
|
| 035 |
|
|
|a (Au-PeEL)EBL4983683
|
| 035 |
|
|
|a (CaPaEBR)ebr11428597
|
| 035 |
|
|
|a (CaONFJC)MIL1028228
|
| 035 |
|
|
|a (OCoLC)1002695818
|
| 040 |
|
|
|a MiAaPQ
|b eng
|e rda
|e pn
|c MiAaPQ
|d MiAaPQ
|
| 050 |
|
4 |
|a BF637.S8
|b .S255 2017
|
| 082 |
0 |
|
|a 158.1
|2 23
|
| 100 |
1 |
|
|a Salicru, Sebastian,
|e author.
|
| 245 |
1 |
0 |
|a Leadership Results :
|b Leading with integrity Is Your Competitive Advantage /
|c Sebastian Salicru.
|
| 264 |
|
1 |
|a London, [England] ;
|a New York :
|b Routledge,
|c 2017.
|
| 264 |
|
4 |
|c 2008
|
| 300 |
|
|
|a 1 online resource (392 pages)
|
| 336 |
|
|
|a text
|2 rdacontent
|
| 337 |
|
|
|a computer
|2 rdamedia
|
| 338 |
|
|
|a online resource
|2 rdacarrier
|
| 588 |
|
|
|a Description based on online resource; title from PDF title page (ebrary, viewed September 16, 2017).
|
| 590 |
|
|
|a Electronic reproduction. Ann Arbor, MI : ProQuest, 2016. Available via World Wide Web. Access may be limited to ProQuest affiliated libraries.
|
| 650 |
|
0 |
|a Success
|x Psychological aspects.
|
| 655 |
|
4 |
|a Electronic books.
|
| 776 |
0 |
8 |
|i Print version:
|a Salicru, Sebastian.
|t Leadership Results :Leading with integrity Is Your Competitive Advantage.
|d London, [England] ; New York : Routledge, 2017 c2008
|h 217 pages
|z 9780730345374
|
| 797 |
2 |
|
|a ProQuest (Firm)
|
| 856 |
4 |
0 |
|u https://ebookcentral.proquest.com/lib/matrademy/detail.action?docID=4983683
|z Click to View
|